| 000 | 00596nam a2200193Ia 4500 | ||
|---|---|---|---|
| 003 | GCL | ||
| 008 | 140319s9999 xx 000 0 ara d | ||
| 040 |
_aGCL / _cGCL |
||
| 082 | 0 | 4 |
_a332.41 _bم ت |
| 100 | 1 | _aعبدالفتاح العموصى | |
| 245 | 1 | 0 |
_aالتضخم فى العالم العربى / _cعبدالفتاح العموصى |
| 700 | 1 | _aمحمد الرميحى | |
| 260 |
_a[S.N] : _bدار الشباب للنشر ، _c1986 |
||
| 300 | _a3000 ص | ||
| 490 | _a | ||
| 650 | 0 | 4 | _aالازمات الاقتصادية |
| 650 | 0 | 4 | _aالتضخم المالى |
| 942 |
_2ddc _cBK |
||
| 999 |
_c33169 _d33169 |
||